000 00703nam a2200181Ia 4500
008 090630s9999 xx 000 0 und d
082 _b16413
100 _aबोरकर प्रमिला.
245 _aसर्वगुणसंपन्न माणुसकी.
_cबोरकर प्रमिला.
260 _bशांती - पुणे.
300 _a0
600 _aबोरकर प्रमिला.
630 _aसर्वगुणसंपन्न माणुसकी.
655 _aबालवाङमय.
700 _aबोरकर प्रमिला.
730 _aसर्वगुणसंपन्न माणुसकी.
942 _cBOOK
999 _c268269
_d268269